Estudio de prefactibilidad ecónómica para el funcionamiento de centros de acopio de desechos sólidos municipales a nivel cantonal previamente seleccionados en el sitio de generación
में बचाया:
| मुख्य लेखक: | |
|---|---|
| स्वरूप: | पुस्तक |
| प्रकाशित: |
[San José, Costa Rica]
2008
|
| विषय: | |
| टैग: |
टैग जोड़ें
कोई टैग नहीं, इस रिकॉर्ड को टैग करने वाले पहले व्यक्ति बनें!
|
MARC
| LEADER | 00000nam a2200000Ia 4500 | ||
|---|---|---|---|
| 003 | 001182 | ||
| 005 | 20221231144057.0 | ||
| 008 | 140114s2008 cr a 000 ||s d | ||
| 040 | |c cru CEDI | ||
| 090 | |a TFG 5705 | ||
| 100 | |a Mora Vega, Marilyn |9 4239 | ||
| 245 | |a Estudio de prefactibilidad ecónómica para el funcionamiento de centros de acopio de desechos sólidos municipales a nivel cantonal previamente seleccionados en el sitio de generación | ||
| 260 | |c 2008 |b [San José, Costa Rica] | ||
| 300 | |a 176 hojas; ilustraciones | ||
| 500 | |a Tesis (licenciatura en ingeniería química)--Universidad de Costa Rica. Facultad de Ingeniería. Escuela de Ingeniería Química | ||
| 650 | |x MUNICIPALIDADES |x DISPOSICION DE RESIDUOS |x APROVECHAMIENTO DE RESIDUOS |x SPECTOS ECONOMICOS |9 4240 | ||
| 942 | |c TFG | ||
| 999 | |c 16554 |d 16554 | ||
